Les meilleurs joueurs de foot - Statistiques

Statistiques générales
  • Ce quiz a été pris 115 fois
  • Le résultat moyen est 18 sur 19
Statistiques - réponses
Par images Réponse % Correct
messi
100%
ronaldo
100%
dembele
99%
hakimi
99%
kanté
98%
mbappé
98%
benzema
97%
maradona
97%
neymar
97%
griezmann
96%
vinicius
92%
zidane
92%
haaland
91%
vitinha
91%
barcola
90%
umtiti
86%
özil
83%
mané
82%
papin
73%
Aucun quiz correspondant
Distribution des résultats
% des personnes avec chaque résultat
Percentile par nombre de réponses
Votre historique - résultats
Vous n’avez pas pris ce quiz